| 000 | 02034nam a2200385 i 4500 | ||
|---|---|---|---|
| 003 | DO-SdBNP | ||
| 005 | 20260303090148.0 | ||
| 006 | a||||gr|||| 00| 0 | ||
| 007 | ta | ||
| 008 | 240523e2023 dr ||||| |||| 00| e spa d | ||
| 020 | _a9789945250572 | ||
| 040 |
_aDO-SdBNP _bspa _cBNPHU _erda |
||
| 041 | _aspa | ||
| 082 | 4 |
_a972.93053 _bM338s _222 |
|
| 245 | 0 | 4 |
_aLos marines en Santo Domingo : _bselección de artículos publicados en sus revistas 1916-1965 / _ccompilador y prólogo, Eliades Acosta Matos ; traducción, Miriam Estela Milán Martín ; cuidado de edición, Kary Alba Rocha Arias. |
| 250 | _aPrimera edición | ||
| 264 | 4 |
_aSanto Domingo, República Dominicana : _bArchivo General de la Nación, _c©2023. |
|
| 300 |
_a623 páginas ; _c26 cm. |
||
| 336 |
_atexto _btxt _2rdacontent |
||
| 337 |
_asin mediación _bn _2rdamedia |
||
| 338 |
_avolumen _bnc _2rdacarrier |
||
| 490 | 0 |
_aArchivo General de la Nación ; _v464 |
|
| 500 | _aIncluye datos biográficos del compilador en las solapas de las cubiertas. | ||
| 500 | _aIncluye referencias bibliográficas y notas al pie de las páginas. | ||
| 505 |
_aPrólogo / _rEliades Acosta Matos.-- _tArtículos del Gaceta del Cuerpo de Infantería de Marines, EE. UU.-- _tArtículos de Gaceta de la Fuerza de Infantería de Marines, EE. UU.-- _tArtículos de Gaceta del Cuerpo de Marines, EE. UU.-- _tArtículos de Boletín del Cuerpo de Marines, EE. UU.-- _tArtículos de El Marine, EE. UU.-- |
||
| 590 | _aInventariado, 2024/BT | ||
| 651 | 7 |
_aRepública Dominicana _xHistoria _xOcupación Militar _y1916-1965 _945242 _vFuentes |
|
| 651 | 7 |
_aEstados Unidos _xRelaciones militares _zRepública Dominicana _988583 |
|
| 651 | 9 |
_aRepública Dominicana _xRelaciones militares _z Estados Unidos _988584 |
|
| 700 | 1 |
_aAcosta Matos, Eliades, _d1959- _ecompilador _4com. _4pr. _eprologuista _974479 |
|
| 700 | 1 |
_aMilán Martín, Miriam Estela, _etraducción _979355 |
|
| 700 | 1 |
_aRocha Arias, Kary Alba, _ecuidado de edición _981514 |
|
| 910 | _aBtavárez | ||
| 942 |
_2ddc _cLBS1 |
||
| 999 |
_c56733 _d56733 |
||